| 000 | 01399aam a2200397 i 4500 | ||
|---|---|---|---|
| 001 | vtls000851499 | ||
| 003 | PNM | ||
| 005 | 20240321102841.0 | ||
| 008 | 180416t20182018my ao g 001 0 may | ||
| 015 | _aM18-05139 | ||
| 020 |
_a9789671564509 _qpaperback |
||
| 039 | 9 |
_a202006021538 _bAUTHORITY _c201810291038 _drosliza _c201810030856 _drosliza _c201806041011 _dndiana |
|
| 040 |
_aBNM _beng _cBNM _erda _dPPAK |
||
| 049 | _amal | ||
| 082 | 0 | 4 |
_223 _a929.209595112 |
| 090 | 0 | 0 |
_a929.209595112 _bMAH _dKWS |
| 100 | 0 |
_aMahadhir Mat Lazim, _d1976- _eauthor. |
|
| 245 | 1 | 0 |
_aTunku Abdullah Lebar Ibnu Tunku Muhammad Saad : _bSebuah kajian sejarah keluarga berdasarkan sumber bertulis dan lisan / _cMahadhir bin Mat Lazim |
| 250 | _aEdisi Ketiga | ||
| 264 | 1 |
_aBeranang, Selangor : _bMahadhir bin Mat Lazim, _c[2018?] |
|
| 264 | 4 | _c©2018 | |
| 300 |
_a140 pages : _bphotographs ; _c21 cm |
||
| 336 |
_atext _2rdacontent |
||
| 337 |
_aunmediated _2rdamedia |
||
| 338 |
_avolume _2rdacarrier |
||
| 500 | _aIncludes index | ||
| 504 | _aBibliography: pages 113-114 | ||
| 600 | 0 | 4 |
_aTunku Abdullah Lebar Ibnu Tunku Muhammad Saad _vBiography |
| 650 | 1 | 0 |
_aFamilies of royal descent _zMalaysia _zKedah |
| 650 | 2 | 0 |
_aKings and rulers _vGenealogy |
| 651 | 0 |
_aKedah (Malaysia) _xHistory |
|
| 942 |
_2ddc _cB |
||
| 949 | _62000637564 | ||
| 949 | _62000637563 | ||
| 949 | _62000637565 | ||
| 999 |
_c192445 _d192445 |
||